Sobre las relaciones entre género, subjetividad y ley a comienzos de siglo XXI /
Salvato in:
| Autore principale: | |
|---|---|
| Natura: | testo |
| Lingua: | Spanish |
| Soggetti: | |
| Tags: |
Aggiungi Tag
Nessun Tag, puoi essere il primo ad aggiungerne!!
|
MARC
| LEADER | 00000 a a2200000 04500 | ||
|---|---|---|---|
| 001 | 11821 | ||
| 003 | cru CIDCACS/IIS | ||
| 005 | 20181119144546.0 | ||
| 008 | 181119b2005 CR ||||| |||| 00| 0 spa d | ||
| 999 | |c 39485 |d 39485 | ||
| 040 | |c cru CIDCACS/IIS | ||
| 100 | |a Hidalgo Xirinachs, Roxana | ||
| 245 | |a Sobre las relaciones entre género, subjetividad y ley a comienzos de siglo XXI / |c Roxana Hidalgo Xirinachs | ||
| 650 | |a GENERO | ||
| 650 | |a CULTURA | ||
| 650 | |a RELACIONES DE GENERO | ||
| 650 | |a CAMBIO CULTURAL | ||
| 773 | |g número 119; páginas 14-22 | ||
| 942 | |2 ddc |c PP | ||
